| 000 | 00819nam a2200277 b 4500 | ||
|---|---|---|---|
| 001 | 0000599 | ||
| 003 | DO-SdBNP | ||
| 005 | 20160808151616.0 | ||
| 007 | 0000599 | ||
| 008 | 040607s 2007 sp a ||| ||spa | ||
| 017 |
_a _b |
||
| 020 | _a9788466369800 | ||
| 035 | _a | ||
| 040 |
_aBPMSU _bspa _cBPMSU _e |
||
| 080 | 0 | _a | |
| 100 |
_aMonterroso, Augusto _d1921-2003 |
||
| 245 | 1 | 3 |
_aLa oveja negra _by demás fábulas / _h _cAugusto Monterroso |
| 260 |
_aMadrid : _bSantillana ediciones generales, _c2007. |
||
| 300 |
_a74 p. : _bil. _c19 cm |
||
| 490 |
_aPunto de lectura _v205 / 1 |
||
| 500 | _aIncluye datos biográficos del autor. | ||
| 500 | _aIncluye índice onomástico y geográfico. | ||
| 830 |
_aPunto de lectura _v205 / 1 |
||
| 942 |
_2ddc _cBK |
||
| 956 |
_aYngrid Lockward _b10 _dBPMSU _f00144 |
||
| 999 |
_c11122 _d11122 |
||